1840 1317 1778 1094 1380 1135 1068 1728 1810 1766 1614 1498 1535 1162 1091 1029 1393 1476 1451 1373 1811 1462 1633 1918 1021 1251 1661 1677 1631 1868 1943 1654 1244 1508 1699 1526 1390 1389 1177 1466 1990 1834 1466 1848 1350 1820 1612 1629 1603 1552 1017 1812 1065 1431 1507 1441 1615 1147 1785 1178 1710 1427 1472 1178 1192 1376 1808 1618 1389 1115 1946 1392 1830 1641 1534 1749 1819 1565 1231 1365 1473 1634 1930 1153 1299 1214 1824 1805 1145 1268 1265 1922 1192 1374 1229 1848 1480 1983 1733 BCNSPRNW ULIB Ver.6.0+V

เปลี่ยนเป็นภาษาไทย

Change to English
 แสดงรายละเอียดบรรณานุกรม
  กลับหน้าหลัก

Brief Record : Get Marc (ISO 2709) : E-mail record : QR code < ปิดหน้าต่าง
LEADER : 00000nam 2200000uu 4500
001    13399109349
003     ULIB
008    110329s2543||||th 000 0 tha d
060  4 WA712^bศ432พ 2543
100 0  ศักดิ์ บวร
245 10 สารแอนติออกซิแดนซ์กับปัญหาสุขภาพ/^cศักดิ์ บวร, เรียบเรียง
250    พิมพ์ครั้งที่ 1
260    กรุงเทพฯ :^bสำนักพิมพ์สมิต,^c2543
300    86 หน้า :^bภาพประกอบ;^c19 ซม.
490 0  อาหารและสุขภาพ
650  7 สารผสมอาหาร
650  7 สารต่อต้านอนุมูลอิสระ
650  7 แอนติออกซิแดนซ์
945    ^p66^l0^i012509
945    ^p66^l0^i012507
945    ^p66^l0^i012508
995    ทศพร
999 ^a ใช้งานได้ทุกระบบ
รายการนี้ยังไม่มีแท็ก
คุณยังไม่ได้ล็อกอิน คุณสามารถมีกิจกรรมร่วมกับเว็บไซต์ได้ แต่ต้องล็อกอินก่อน ::
  ล็อกอิน

รายการสื่อสารสนเทศ

ลำดับที่ ประเภท เลขเรียก/บาร์โค้ด สถานที่ สถานะ
- ไม่พบข้อมูล -

รายการใกล้เคียง
    ผู้แต่ง [ศักดิ์ บวร]

BibComment


ยังไม่เคยถูกคอมเมนท์

คอมเมนท์ทรัพยากรรายการนี้
  คอมเมนท์: สารแอนติออกซิแดนซ..


 Copyright 2026. Bcnsprnw @Library